000 00322nam a2200121Ia 4500
008 240731s9999 xx 000 0 und d
022 _a1940-1507
245 0 _aJournal of Building Performance Simulation
260 _bTaylor & Francis
856 _uhttps://www.tandfonline.com/loi/tbps20
942 _2ddc
942 _cTFEJ
999 _c77493
_d77493
945 _a1
_bMadushi Gamage
_c1
_dMadushi Gamage